00789nam a2200205 450000500170000000800430001702000180006005000220007810000350010024500980013524600430023325000240027626000670030030000260036744000070039349000340040050400460043461000540048065000490053420250411115339.0250411b mx |||||||| |||| 00| 0 spa d a978607628935804aKGF2530bM55 20191 aMijangos y González, Pablo. 10aHistoria mínima de la Suprema Corte de Justicia de Méxicoc/ Pablo Mijangos y González.34a Suprema Corte de Justicia de México aPrimera edición.  aCiudad de México, México :bEl Colegio de México,c2019. a306 pagina ; c21 cm. aas0 aColección Historias mínim aIncluye bibliografía (paginas 283-303). aMéxico. bSuprema Corte de Justicia xHistoria 72lemb aPoder Judicial xHistoria zMéxico